ბათუმის შოთა რუსთაველის სახელმწიფო უნივერსიტეტის ბიბლიოთეკა

ბიბლიური ისტორია. ლეგენდები ქრისტეზე (ბიბ.ჩანაწერი № 35654)

000 -LEADER
fixed length control field 00761nam a2200217Ia 4500
001 - CONTROL NUMBER
control field 1527
003 - CONTROL NUMBER IDENTIFIER
control field GE_BSU
008 - FIXED-LENGTH DATA ELEMENTS--GENERAL INFORMATION
fixed length control field 181216s||||||||xx |||||||||||||| ||und||
040 ## - CATALOGING SOURCE
Transcribing agency GE_BSU
080 ## - UNIVERSAL DECIMAL CLASSIFICATION NUMBER
Universal Decimal Classification number 27-23
245 ## - TITLE STATEMENT
Title ბიბლიური ისტორია. ლეგენდები ქრისტეზე
245 ## - TITLE STATEMENT
Statement of responsibility, etc. რედ. გურამ გვერდწითელი, ცირა ინწკირველი, ნუნუ ხომერიკი
260 ## - PUBLICATION, DISTRIBUTION, ETC.
Place of publication, distribution, etc. თბილისი
260 ## - PUBLICATION, DISTRIBUTION, ETC.
Name of publisher, distributor, etc. მერანი
260 ## - PUBLICATION, DISTRIBUTION, ETC.
Date of publication, distribution, etc. 1989
300 ## - PHYSICAL DESCRIPTION
Extent 334გვ.
653 ## - INDEX TERM--UNCONTROLLED
Uncontrolled term ბიბლიური ისტორია
653 ## - INDEX TERM--UNCONTROLLED
Uncontrolled term ლეგენდები ქრისტეზე
942 ## - ADDED ENTRY ELEMENTS (KOHA)
Koha item type წიგნი
ეგზემპლარები
Withdrawn status Lost status Damaged status Not for loan Date acquired Barcode Date last seen Price effective from Koha item type
        2018-12-17 1586 2018-12-17 2018-12-17 წიგნი